000 00930nac a22002651u 4500
999 _c11522
_d11522
003 EG-ScBUE
005 20210922100443.0
008 090510s2008 ua a f 000 0 eng d
020 _a9771023594
040 _aEG-ScBUE
_beng
_erda
_cEG-ScBUE
_dEG-ScBUE
082 0 4 _a658.827
_bHAD
_222
100 1 _aHaddad, Farid,
_eauthor.
_94704
245 1 4 _aThe brand excellence handbook :
_ba new perspective in brand management to unleash the hidden powers of your brand /
_cFarid Haddad.
264 1 _aCairo :
_bDar El-Fikr El-Arabi,
_c2008.
300 _a96 pages :
_billustrations ;
_c21 cm
336 _2rdacontent
_atext
_btxt
337 _2rdamedia
_aunmediated
_bn
338 _2rdacarrier
_avolume
_bnc
650 7 _aProduct management.
_2BUEsh
_94706
651 7 _2BUEsh
653 _cSeptember2021
_bBUSADM
655 _vReading book
_934232
942 _cBB
_k658.827HAD
_2ddc